Discrete mathematics

Αποθηκεύτηκε σε:
Λεπτομέρειες βιβλιογραφικής εγγραφής
Κύριος συγγραφέας: Biggs, Norman
Μορφή: Βιβλίο
Γλώσσα:English
Δημοσίευση: Oxford [England] ; New York : Oxford University Press, 2005, c2002
Έκδοση:2η εκδ., ανατύπωση
Θέματα:
Ετικέτες: Προσθήκη ετικέτας
Δεν υπάρχουν, Καταχωρήστε ετικέτα πρώτοι!

MARC

LEADER 00000nam a2200000 i 4500
001 1/52050
008 070822s2005 eng d
020 |a 0-19-850718-6 
035 |l 10089892 
040 |a GR-MY-UA  |b gre  |e aacr 
041 0 |a eng 
082 0 |a 511.30285  |2 (22) 
100 1 |a Biggs, Norman. 
245 1 0 |a Discrete mathematics /  |c Norman L. Biggs 
250 |a 2η εκδ., ανατύπωση 
260 |a Oxford [England] ; New York :   |b Oxford University Press,   |c 2005, c2002 
300 |a xiv, 425 σ.;  |b εικ.;  |c 26 εκ. 
504 |a Περιλαμβάνει ευρετήριο. 
650 0 0 |a Computer science  |x Mathematics. 
852 |a INST  |b SAMOS  |e 20070822  |h 511.30285 BIG  |p 005300025517  |q 005300025517  |t BK  |y 0 
901 |a BIBL3-2007-2 
909 |a Σ  |b 137125 
922 |a 3ΕΛΗ  |b 200707  |c ΕΠΕΑΕΚ2/ΤΜΗΜΑ ΜΑΘΗΜΑΤΙΚΩΝ  |d ΠΑΠΑΣΩΤΗΡΙΟΥ 
970 |a ΣΙΤΖΙΜΗ  |b ΓΙΑΣΕΜΗ  |z 2007/08/22